000 00389 a2200169 4500
001 69372
020 _a8516045714
040 _cAnchieta - Itaigara
100 _aNóbrega, Maria José
240 1 0 _aDiga um verso bem bonito!
_lpor
245 1 0 _aDiga um verso bem bonito!
300 _a45
362 0 _a2005
440 1 _aModerna
650 4 _aLiteratura infanto-juvenil
942 _cBK
999 _c69372
_d69372